Most Valuable Goalkeepers In The World (2025) - Statistics

General Stats
  • This quiz has been taken 85 times
  • The average score is 49 of 150
Answer Stats
% Correct
1 Arsenal Spain David Raya 1995
100%
4 Paris Saint-Germain Italy Gianluigi Donnarumma 1999
97%
6 Manchester United Cameroon André Onana 1996
94%
18 Real Madrid Belgium Thibaut Courtois 1992
91%
19 Liverpool Brazil Alisson Becker 1992
89%
13 Manchester City Brazil Ederson 1993
89%
17 Aston Villa Argentina Emiliano Martínez 1992
89%
2 Borussia Dortmund Switzerland Gregor Kobel 1997
88%
46 Inter Milan Spain Josep Martínez 1998
88%
15 Milan France Mike Maignan 1995
88%
16 Atlético Madrid Slovenia Jan Oblak 1993
86%
29 Everton England Jordan Pickford 1994
86%
41 Barcelona Germany Marc-André ter Stegen 1992
86%
5 Tottenham Hotspur Italy Guglielmo Vicario 1996
84%
27 Real Madrid Ukraine Andriy Lunin 1999
83%
20 Liverpool Ireland Caoimhín Kelleher 1998
81%
3 Porto Portugal Diogo Costa 1999
81%
75 Wolverhampton Wanderers Portugal José Sá 1993
81%
9 Athletic Bilbao Spain Unai Simón 1997
78%
7 Valencia Georgia Giorgi Mamardashvili 2000
77%
28 Chelsea Spain Robert Sánchez 1997
75%
34 Southampton England Aaron Ramsdale 1998
73%
60 Newcastle United England Nick Pope 1992
73%
39 Crystal Palace England Dean Henderson 1997
72%
62 West Ham United France Alphonse Areola 1993
70%
10 Brighton & Hove Albion Netherlands Bart Verbruggen 2002
70%
56 Manchester United Turkey Altay Bayındır 1998
69%
52 Fulham Germany Bernd Leno 1992
69%
51 Bournemouth Spain Kepa Arrizabalaga 1994
69%
66 Manchester City Germany Stefan Ortega 1992
69%
61 Brentford Netherlands Mark Flekken 1993
66%
97 Al-Ahli Senegal Édouard Mendy 1992
64%
23 Chelsea Denmark Filip Jörgensen 2002
64%
47 Torino Serbia Vanja Milinković-Savić 1997
61%
59 Fenerbahçe Croatia Dominik Livaković 1995
59%
24 Burnley England James Trafford 2002
59%
8 Lille France Lucas Chevalier 2001
59%
48 Napoli Italy Alex Meret 1997
58%
11 Benfica Ukraine Anatoliy Trubin 2001
58%
33 Leeds United France Illan Meslier 2000
55%
93 Al-Hilal Morocco Yassine Bounou 1991
55%
91 Nottingham Forest Belgium Matz Sels 1992
53%
49 Stuttgart Germany Alexander Nübel 1996
52%
14 Real Sociedad Spain Álex Remiro 1995
52%
30 Strasbourg Serbia Đorđe Petrović 1999
52%
58 Barcelona Spain Iñaki Peña 1999
52%
21 Paris Saint-Germain Russia Matvey Safonov 1999
50%
25 Espanyol Spain Joan García 2001
47%
70 Botafogo Brazil John Victor 1996
47%
92 Newcastle United Greece Odysseas Vlachodimos 1994
47%
31 Juventus Italy Michele Di Gregorio 1997
45%
119 Fiorentina Spain David de Gea 1990
42%
38 Leicester City Denmark Mads Hermansen 2000
41%
32 Roma Serbia Mile Svilar 1999
39%
57 PSV Argentina Walter Benítez 1993
39%
42 Parma Japan Zion Suzuki 2002
39%
35 Tottenham Hotspur Czech Republic Antonín Kinský 2003
38%
76 Marseille Argentina Gerónimo Rulli 1992
38%
139 Crystal Palace United States Matt Turner 1994
38%
54 Lyon Brazil Lucas Perri 1997
36%
26 Nice Poland Marcin Bułka 1999
36%
82 Bayer Leverkusen Czech Republic Matěj Kovář 2000
36%
77 Wolverhampton Wanderers England Sam Johnstone 1993
36%
44 Al-Nassr Brazil Bento Krepski 1999
34%
99 Ipswich Town Kosovo Arijanet Muric 1998
33%
67 Bayern Munich Germany Jonas Urbig 2003
33%
12 Atalanta Italy Marco Carnesecchi 2000
33%
43 Wolfsburg Poland Kamil Grabara 1999
30%
40 Rennes France Brice Samba 1994
28%
143 Nantes France Alban Lafont 1999
25%
130 Chelsea United States Gabriel Slonina 2004
25%
147 Atlético Madrid Argentina Juan Musso 1994
25%
37 Freiburg Germany Noah Atubolu 2002
25%
50 Standard Liège Ireland Gavin Bazunu 2002
23%
104 Sporting CP Portugal Rui Silva 1994
23%
90 Lazio Italy Ivan Provedel 1994
22%
65 Al-Ittihad Serbia Predrag Rajković 1995
22%
118 Al-Qadsiah Belgium Koen Casteels 1992
20%
150 Mainz Germany Robin Zentner 1994
19%
112 Liverpool Czech Republic Vítězslav Jaroš 2001
19%
22 Toulouse France Guillaume Restes 2005
17%
136 Paris Saint-Germain Spain Arnau Tenas 2001
16%
79 Royal Antwerp Belgium Senne Lammens 2002
16%
149 Getafe Spain David Soria 1993
14%
96 Sporting CP Uruguay Franco Israel 2000
14%
53 Genk Belgium Mike Penders 2005
14%
45 Sunderland England Anthony Patterson 2000
13%
85 København Germany Diant Ramaj 2001
13%
103 Augsburg Germany Finn Dahmen 1998
13%
69 RB Leipzig Belgium Maarten Vandevoordt 2002
13%
74 Trabzonspor Turkey Uğurcan Çakır 1996
13%
117 Palermo Indonesia Emil Audero 1997
11%
115 Feyenoord Netherlands Justin Bijlow 1998
11%
116 Borussia Mönchengladbach Germany Moritz Nicolas 1997
11%
87 Monaco Poland Radosław Majecki 1999
11%
106 Feyenoord Germany Timon Wellenreuther 1995
11%
113 Lazio Greece Christos Mandas 2001
9%
36 Athletic Bilbao Spain Julen Agirrezabala 2000
9%
108 Villarreal Brazil Luiz Júnior 2001
9%
80 Udinese Nigeria Maduka Okoye 1999
9%
126 Werder Bremen Germany Michael Zetterer 1995
9%
145 Monaco Switzerland Philipp Köhn 1998
9%
64 Reims Senegal Yehvann Diouf 1999
9%
86 Flamengo Argentina Agustín Rossi 1995
8%
102 Rayo Vallecano Argentina Augusto Batalla 1996
8%
55 Villarreal Spain Diego Conde 1998
8%
68 Olympiacos Greece Konstantinos Tzolakis 2002
8%
142 Middlesbrough Ireland Mark Travers 1999
8%
146 Osasuna Spain Sergio Herrera 1993
8%
78 Monza Italy Stefano Turati 2001
8%
148 Lecce Italy Wladimiro Falcone 1995
8%
98 Angers Ivory Coast Yahia Fofana 2000
8%
100 Mallorca Slovakia Dominik Greif 1997
6%
73 PAOK Croatia Dominik Kotarski 2000
6%
72 Cagliari Italy Elia Caprile 2001
6%
95 Venezia Serbia Filip Stanković 2002
6%
141 Almería Portugal Luís Maximiano 1999
6%
144 Internacional Uruguay Sergio Rochet 1993
6%
101 Alavés Spain Antonio Sivera 1996
5%
131 Nottingham Forest Brazil Carlos Miguel 1998
5%
63 Corinthians Brazil Hugo Souza 1999
5%
83 Sheffield United England Michael Cooper 1999
5%
105 Al-Shabab Ukraine Heorhiy Bushchan 1994
3%
109 Sheffield Wednesday England James Beadle 2004
3%
125 Crvena Zvezda Israel Omri Glazer 1996
3%
127 Jagiellonia Poland Sławomir Abramowicz 2004
3%
138 Legia Warsaw Bosnia and Herzegovina Vladan Kovačević 1998
3%
132 Gil Vicente Brazil Andrew 2001
2%
114 Eyüpspor Turkey Berke Özer 2000
2%
84 Cruz Azul Colombia Kevin Mier 2000
2%
137 Sturm Graz Netherlands Kjell Scherpen 2000
2%
71 Club América Mexico Luis Malagón 1997
2%
94 AZ Alkmaar Netherlands Rome-Jayden Owusu-Oduro 2004
2%
134 Benfica Portugal Samuel Soares 2002
2%
121 Vélez Sarsfield Argentina Tomás Marchiori 1995
2%
124 Spartak Moscow Russia Aleksandr Maksimenko 1998
0%
81 Shakhtar Donetsk Ukraine Dmytro Riznyk 1999
0%
140 Santos Brazil Gabriel Brazão 2000
0%
135 Grasshopper Switzerland Justin Hammel 2000
0%
88 Vasco da Gama Brazil Léo Jardim 1995
0%
107 Young Boys Switzerland Marvin Keller 2002
0%
129 Athletico Paranaense Brazil Mycael 2004
0%
128 Paris France Obed Nkambadio 2003
0%
133 Luzern Switzerland Pascal Loretz 2003
0%
123 Sparta Prague Denmark Peter Vindahl Jensen 1998
0%
120 Guadalajara Mexico Raúl Rangel 2000
0%
111 Farense Portugal Ricardo Velho 1998
0%
110 Krasnodar Russia Stanislav Agkatsev 2002
0%
122 Steaua București Romania Ștefan Târnovanu 2000
0%
89 Stoke City Sweden Viktor Johansson 1998
0%
No matching quizzes found
Score Distribution
Percent of People with Each Score
Percentile by Number Answered
Your Score History
You have not taken this quiz